LEADER 01053nam1 2200385 450 001 990002977060203316 005 20090609133330.0 035 $a000297706 035 $aUSA01000297706 035 $a(ALEPH)000297706USA01 035 $a000297706 100 $a20070925d2005----km-y0itay50------ba 101 $aspa 102 $aES 105 $a||||||||001yy 200 1 $aDerecho Jurisdiccional$fJuan Montero Aroca...[et al.] 205 $a14. ed. 210 $aValencia$cTirant lo Blanch$d2005 215 $av.$d24 cm 225 2 $aManuales 410 0$12001$aManuales 454 1$12001 461 1$1001-------$12001 606 0 $aDiritto processuale$ySpagna 676 $a347.4607 700 1$aMONTERO AROCA,$bJuan$0168693 801 0$aIT$bsalbc$gISBD 912 $a990002977060203316 951 $aXXVII.1.H 57/ (IG XXI 1188/)$cIG XXI 959 $aBK 969 $aGIU 979 $aFIORELLA$b90$c20070925$lUSA01$h1153 979 $aRSIAV4$b90$c20090609$lUSA01$h1333 996 $aDerecho Jurisdiccional$91027211 997 $aUNISA LEADER 00837nam0-22002891i-450- 001 990006218300403321 005 19980601 035 $a000621830 035 $aFED01000621830 035 $a(Aleph)000621830FED01 035 $a000621830 100 $a19980601d1905----km-y0itay50------ba 105 $a--------00-yy 200 1 $aManuale legale del medico condotto$fEnrico Bruni. 210 $aFirenze$cG. Barbera Ed.$d1905 215 $aIX,, 324 p.$d20 cm 225 1 $aManuali Barbèra di scienze giuridiche, sociali e politiche$iSerie pratica$v29 676 $a362 700 1$aBruni,$bEnrico$068388 801 0$aIT$bUNINA$gRICA$2UNIMARC 901 $aBK 912 $a990006218300403321 952 $aXX 5 (29$b293$fFGBC 959 $aFGBC 996 $aManuale legale del medico condotto$9637077 997 $aUNINA DB $aGIU01 LEADER 01401nam--2200409---450- 001 990003649640203316 005 20120411141124.0 010 $a978-88-324-7895-2 035 $a000364964 035 $aUSA01000364964 035 $a(ALEPH)000364964USA01 035 $a000364964 100 $a20120411d2011----km-y0itay50------ba 101 $aita 102 $aIT 105 $a||||||||001yy 200 1 $aEditoria$easpetti giuridici contabili e fiscali$ediritti d'autore, editoria, telecomunicazioni, teleradiodiffusioni, commercio elettronico, editoria multimediale, provvidenze, Autorità garanti, valutazioni d'azienda e contrattualistica del settore editoriale$fPaolo Stella Monfredini 205 $a4. ed. 210 $aMilano$cIl sole 24 ore$d2011 215 $aXII, 361 p.$d24 cm$e1 CD-ROM 410 0$12001 454 1$12001 461 1$1001-------$12001 606 0 $aEditoria$xContabilità$2BNCF 676 $a343.0998 700 1$aSTELLA MONFREDINI,$bPaolo$0612066 801 0$aIT$bsalbc$gISBD 912 $a990003649640203316 951 $aXXIV.5.C. 1021$b71845$cXXIV.5.C.$d00309271 959 $aBK 969 $aGIU 979 $aFIORELLA$b90$c20120411$lUSA01$h1403 979 $aFIORELLA$b90$c20120411$lUSA01$h1404 979 $aFIORELLA$b90$c20120411$lUSA01$h1409 979 $aFIORELLA$b90$c20120411$lUSA01$h1411 996 $aEditoria$91139629 997 $aUNISA LEADER 01913nam 22004813 450 001 9911011371603321 005 20250530080323.0 010 $a1-76046-670-0 035 $a(MiAaPQ)EBC32132509 035 $a(Au-PeEL)EBL32132509 035 $a(CKB)38986979600041 035 $a(OCoLC)1484387531 035 $a(NjHacI)9938986979600041 035 $a(EXLCZ)9938986979600041 100 $a20250530d2025 uy 0 101 0 $aeng 135 $aurcnu|||||||| 181 $ctxt$2rdacontent 182 $cc$2rdamedia 183 $acr$2rdacarrier 200 10$a'I Buy This Piece of Ground Here' $eAn Italian Market-Gardener Community in Adelaide, 1920s-1970s 205 $a1st ed. 210 1$aCanberra :$cANU Press,$d2025. 210 4$d©2025. 215 $a1 online resource (320 pages) 225 1 $aBiography Series 311 08$a1-76046-669-7 327 $a1.Building a group biography -- 2.Beginnings in Adelaide -- 3.Attachment to land -- 4.Family life and labour -- 5.Life within the community -- 6.Community in times of crisis - 7.Pathways: The 1.5 and second generations -- 8.Transforming the paese -- 9.Conclusion: Continuity of the paese. 330 $a'I buy this piece of ground here' is a group biography that examines the lives and work of a cohort of Italian migrant families from the Veneto region who arrived in Australia in the 1920s and formed a new community and identity as market gardeners in outer suburban Adelaide. 410 0$aBiography Series 606 $aCity and town life$xHistory 606 $aHuman ecology$xHistory 615 0$aCity and town life$xHistory. 615 0$aHuman ecology$xHistory. 676 $a307.76 700 $aRegan$b Madeleine$01829269 801 0$bMiAaPQ 801 1$bMiAaPQ 801 2$bMiAaPQ 906 $aBOOK 912 $a9911011371603321 996 $aI Buy This Piece of Ground Here$94398479 997 $aUNINA